000 00960nas a2200325 4500
001 BR2012004526
003 BR-BrBNA
005 20231205120738.0
007 ta
008 230509b bl.|||p| |||| 00| 00por d
040 _aBR-BrBNA
_bpor
_cBiblioteca Nacional de Agricultura
041 _a(Pt)
072 _aF62
100 1 _aAlves, E.U.
100 1 _aAndrade, L.A. de
100 1 _aAlves, A.U.
100 1 _aCardoso, E. de A.
100 1 _aGonçalves, E.P.
100 1 _aGalindo, E.A.
100 1 _aSantos, S. do R.N. dos
100 1 _aLima C.R. de
245 1 _aEmergência e crescimento inicial de plântulas Anadenanthera pavonina L.
650 _aCAROLINA
650 _aGERMINAÇÃO
650 _aSEMENTE
650 _aPROPRIEDADE FÍSICO-QUÍMICA
773 0 _tRevista Cientifica Rural (Brazil)
_xISSN 1413-8263
_g(Dec 2011), v. 13(2) p. 346-360
_wBR2012004526
909 _a202311
_bLúcia
_c55
_dLúcia Elande
942 _2AGRIS
_n0
_cANA
999 _c220090
_d220090